| 000 | 00588nam a2200181Ia 4500 | ||
|---|---|---|---|
| 008 | 090630s9999 xx 000 0 und d | ||
| 082 | _b21607 | ||
| 100 | _aटिकेकर अरुण. | ||
| 245 |
_aओच्या कोच्या. _cटिकेकर अरुण. |
||
| 260 |
_bडिंपल - वसई. _c2002 |
||
| 300 | _a101 | ||
| 600 | _aटिकेकर अरुण. | ||
| 630 | _aओच्या कोच्या. | ||
| 655 | _aइतर. | ||
| 700 | _aटिकेकर अरुण. | ||
| 730 | _aओच्या कोच्या. | ||
| 942 | _cBOOK | ||
| 999 |
_c273463 _d273463 |
||